Statistics for Country Pairs bordering Country Triplets #3

Click here to take the quiz!

General Stats

  • This quiz has been taken 30 times
  • The average score is 12 of 16

Answer Stats

BORDERED COUNTRIES (C, D, E)COUNTRY PAIR (A & B)% Correct
Austria, France, SwitzerlandGermany & Italy
88%
Germany, Luxembourg, NetherlandsBelgium & France
84%
Belarus, Lithuania, RussiaLatvia & Poland
84%
Belarus, Estonia, LithuaniaLatvia & Russia
84%
Albania, Kosovo, SerbiaMacedonia & Montenegro
84%
Belarus, Russia, SlovakiaPoland & Ukraine
84%
Armenia, Georgia, IranAzerbaijan & Turkey
80%
Kazakhstan, Mongolia, North KoreaChina & Russia
80%
Latvia, Poland, RussiaBelarus & Lithuania
76%
Lithuania, Russia, UkraineBelarus & Poland
72%
Armenia, Azerbaijan, TurkeyGeorgia & Iran
72%
Georgia, Iran, TurkeyArmenia & Azerbaijan
68%
China, Kyrgyzstan, UzbekistanKazakhstan & Tajikistan
68%
Czech Republic, Germany, SlovakiaAustria & Poland
64%
DR Congo, Kenya, RwandaTanzania & Uganda
64%
DR Congo, Kenya, UgandaSouth Sudan & Tanzania
52%

Score Distribution

Percentile by Number Answered

Percent of People with Each Score

Your Score History

You have not taken this quiz